Ekonomické aspekty integrovaného lesního hospodářství : (se zaměřením na hospodaření v lesích územně samosprávných celků) : zasedání Ekonomické komise Odboru lesního hospodářství ČAZV 9.-10. května 2007, Brno : sborník referátů ze semináře = Economic Aspects of Integrated Forest Management : (with a special focus on management in municipal forests) : workshop proceedings /

Korporativní autor: Mendelova zemědělská a lesnická univerzita. Ústav lesnické a dřevařské ekonomiky a politiky
Další autoři: Ekonomické aspekty integrovaného lesního hospodářství (workshop), Dudík, Roman, 1975-, Kupčák, Václav, Česká akademie zemědělských věd. Komise lesnické ekonomiky
Jazyk: Čeština
Vydáno: Brno : Mendelova zemědělská a lesnická univerzita v Brně, 2007
Vydání: Vyd. 1.
Témata:
Fyzický popis: 125 s. : il. ; 21 cm
Language note: Anglická resumé
Knihy
Uloženo v:
LEADER 02611nam a2200529 a 4500
001 nkc20071779822
003 CZ PrNK
005 20080201133218.0
007 ta
008 071120s2007 xr a f 100 0 cze
015 |a cnb001779822 
020 |a 978-80-7375-102-9  |q (brož.) 
035 |a (OCoLC)228500538 
040 |a BOA001  |b cze 
041 0 |a cze  |b eng 
043 |a e-xr--- 
072 7 |a 630  |x Lesnictví  |2 Konspekt  |9 24 
080 |a 630  |2 MRF 
080 |a 33  |2 MRF 
080 |a (437.3)  |2 MRF 
080 |a (062.534)  |2 MRF 
111 2 |a Ekonomické aspekty integrovaného lesního hospodářství (workshop)  |d (2007 :  |c Brno, Česko)  |7 mzk2007412364 
245 1 0 |a Ekonomické aspekty integrovaného lesního hospodářství :  |b (se zaměřením na hospodaření v lesích územně samosprávných celků) : zasedání Ekonomické komise Odboru lesního hospodářství ČAZV 9.-10. května 2007, Brno : sborník referátů ze semináře = Economic Aspects of Integrated Forest Management : (with a special focus on management in municipal forests) : workshop proceedings /  |c [editoři Roman Dudík, Václav Kupčák] 
246 3 1 |a Economic Aspects of Integrated Forest Management 
250 |a Vyd. 1. 
260 |a Brno :  |b Mendelova zemědělská a lesnická univerzita v Brně,  |c 2007 
300 |a 125 s. :  |b il. ;  |c 21 cm 
500 |a Nad názvem: Mendelova zemědělská a lesnická univerzita v Brně, Lesnická a dřevařská fakulta, Ústav lesnické a dřevařské ekonomiky a politiky 
500 |a "Sborník je součástí prací na výzkumném záměru VZ2103/ZA45001 (MSM 6215648902)" 
500 |a 90 výt. 
504 |a Obsahuje bibliografie 
546 |a Anglická resumé 
650 0 7 |a lesní hospodářství  |7 ph115114  |z Česko  |2 czenas 
650 0 7 |a lesní hospodářství  |7 ph115114  |x ekonomické aspekty  |2 czenas 
650 0 9 |a forest management  |z Czechia  |2 eczenas 
650 0 9 |a forest management  |x economic aspects  |2 eczenas 
655 7 |a sborníky konferencí  |7 fd133333  |2 czenas 
655 9 |a proceedings of conferences  |2 eczenas 
700 1 |a Dudík, Roman,  |d 1975-  |7 mzk2004250880  |4 edt 
700 1 |a Kupčák, Václav  |7 jn20001005706  |4 edt 
710 2 |a Mendelova zemědělská a lesnická univerzita.  |b Ústav lesnické a dřevařské ekonomiky a politiky  |7 kn20030304012 
710 2 |a Česká akademie zemědělských věd.  |b Komise lesnické ekonomiky  |7 mzk2005280421 
910 2 |a BOA001  |b 2-1195.078 
990 |a BK 
995 |a 01 
991 |b 200712  |c NOV 
996 6 |b 2610326620  |c 2-1195.078  |l MZK  |r Sklad / do 1 hodiny  |n 1  |p p.v.  |w 000876580  |u 000010  |a 1  |e BOA001  |j MZK50  |s P